Central Library OPAC University of Rajshahi

The art and architecture of Japan / (Record no. 16312)

MARC details
000 -LEADER
fixed length control field 01070cam a2200313 i 4500
001 - CONTROL NUMBER
control field 16312
003 - CONTROL NUMBER IDENTIFIER
rucl marc code BD-RjUL
005 - DATE AND TIME OF LATEST TRANSACTION
control field 20211209000008.0
008 - FIXED-LENGTH DATA ELEMENTS--GENERAL INFORMATION
fixed length control field 140213s1974 enkaf b 001 0 eng
020 ## - INTERNATIONAL STANDARD BOOK NUMBER
International Standard Book Number 0140560084 :
035 ## - SYSTEM CONTROL NUMBER
System control number (BD-RjUL)16367
040 ## - CATALOGING SOURCE
Original cataloging agency DLC
Transcribing agency DLC
Modifying agency DLC
-- BD-RjUL
Language of cataloging eng
041 ## - LANGUAGE CODE
Language code of text/sound track or separate title eng
082 00 - DEWEY DECIMAL CLASSIFICATION NUMBER
Classification number 709.52
Author mark and year PAA
100 1# - MAIN ENTRY--PERSONAL NAME
Personal name Paine, Robert Treat,
Dates associated with a name 1900-1965.
9 (RLIN) 50434
245 14 - TITLE STATEMENT
Title The art and architecture of Japan /
Statement of responsibility, etc. Robert Treat Paine, Alexander Soper.
250 ## - EDITION STATEMENT
Edition statement 2d ed. /
260 ## - PUBLICATION, DISTRIBUTION, ETC. (IMPRINT)
Place of publication, distribution, etc. Harmondsworth, Eng. ;
-- Baltimore :
Name of publisher, distributor, etc. Penguin Books,
Date of publication, distribution, etc. 1974.
300 ## - PHYSICAL DESCRIPTION
Pagination xviii, 328 p., [87] leaves of plates :
Illustrations ill. (1 col.) ;
Size 27 cm.
504 ## - BIBLIOGRAPHY, ETC. NOTE
Bibliography, etc Includes Bibliography: p. 293-306.and index.
505 0# - FORMATTED CONTENTS NOTE
Formatted contents note Paine, R. T. Painting and sculpture.--Soper, A. Architecture.
650 #0 - SUBJECT ADDED ENTRY--TOPICAL TERM
Topical term or geographic name as entry element Art, Japanese.
9 (RLIN) 41659
Topical term or geographic name as entry element Architecture
Geographic subdivision Japan
General subdivision History.
9 (RLIN) 50436
700 1# - ADDED ENTRY--PERSONAL NAME
Personal name Soper, Alexander Coburn,
Dates associated with a name 1904-
942 ## - ADDED ENTRY ELEMENTS (KOHA)
Source of classification or shelving scheme Dewey Decimal Classification
Koha item type Books
Holdings
Lost status Source of classification or shelving scheme Damaged status Not for loan Collection code Permanent Location Current Location Shelving location Date acquired Source of acquisition Cost, normal purchase price Total Checkouts Full call number Date last seen Copy number Koha item type
  Dewey Decimal Classification   Not For Loan Non-fiction Central Library, University of Rajshahi Central Library, University of Rajshahi Reading Room 05/07/1994 Asia Foundation. 0.00   709.52 PAA 1974 13/02/2014 C-1 Books
  Dewey Decimal Classification     Non-fiction Central Library, University of Rajshahi Central Library, University of Rajshahi   31/07/1972 Book center 92.40   709.52 PAA 1974 28/11/2019 C-2 Books